Unwort des Jahres in Deutschland (1991-2024) - Statistiken

Allgemein
  • Dieses Quiz wurde 4 mal gespielt
  • Das Durchschnittsergebnis liegt bei 2 aus 34
Antwortstatistiken
Jahr Unwort des Jahres % Korrekt
2023 Remigration
50%
2017 Alternative Fakten
25%
2001 Gotteskrieger
25%
2015 Gutmensch
25%
2019 Klimahysterie
25%
2014 Lügenpresse
25%
1994 Peanuts
25%
2003 Tätervolk
25%
2010 Alternativlos
0%
2018 Anti-Abschiebe-Industrie
0%
1991 Ausländer­frei
0%
2009 Betriebsrats­verseucht
0%
2024 Biodeutsch
0%
1995 Diäten­anpassung
0%
2011 Döner-Morde
0%
2005 Entlassungs­produktivität
0%
1992 Ethnische Säuberung
0%
2006 Freiwillige Ausreise
0%
2007 Herdprämie
0%
2004 Humankapital
0%
2002 Ich-AG
0%
2022 Klimaterroristen
0%
1999 Kollateral­schaden
0%
2000 National befreite Zone
0%
2008 Notleidende Banken
0%
2012 Opfer-Abo
0%
2021 Pushback
0%
1996 Rentner­schwemme
0%
2020 Rückführungspatenschaften,Corona-Diktatur
0%
2013 Sozial­tourismus
0%
1998 Sozial­verträgliches Frühableben
0%
1993 Über­fremdung
0%
2016 Volks­verräter
0%
1997 Wohlstands­müll
0%
Keine übereinstimmenden Quizze gefunden
Verteilung der Resultate
Anzahl Personen mit jedem Resultat
Perzentil nach korrekt beantworteten Fragen
Ihre Resultats-Entwicklung
Sie haben dieses Quiz noch nicht gespielt